| 000 | 00868nam a22001577a 4500 | ||
|---|---|---|---|
| 003 | OSt | ||
| 005 | 20160206150633.0 | ||
| 008 | 160206b xxu||||| |||| 00| 0 eng d | ||
| 040 | _cRUA | ||
| 082 | _aMGR SON 2004 B371 Or.1 | ||
| 100 |
_96943 _aSONG, KHEANG, សុង ឃាង |
||
| 245 | _aA comparative study of community based fishery and forestry initiatives in sre ambel district koh kong province, សិក្សាប្រៀបធៀបការរៀបចំផ្ដួចផ្ដើមគ្រប់គ្រងធនធានធម្មជាតិដោយផ្អែកលើសមាគមន៍នេសាទ និងសមាគន៍ព្រៃឈើ ក្នុងស្រុកស្រែអំបិល ខេត្តកោះកុង | ||
| 260 |
_aPhnom Penh _bRUA _c2004 |
||
| 300 |
_axiii; 78p. _bill. _c29cm. |
||
| 942 |
_2ddc _cNRM |
||
| 999 |
_c6533 _d6533 |
||